|
|
|
|
| LEADER |
01011nam a2200289 a 4500 |
| 001 |
40347 |
| 003 |
BD-DhAAL |
| 005 |
20230108163306.0 |
| 008 |
230108t1995 mau b 001 0 eng |
| 010 |
|
|
|a 94012753
|
| 020 |
|
|
|a 0674649257 (acidfree paper)
|
| 020 |
|
|
|a 0674649265
|
| 020 |
|
|
|a 9780674649262
|
| 040 |
|
|
|a DLC
|c DLC
|d DLC
|
| 050 |
0 |
0 |
|a K230.P665
|b O95 1995
|
| 082 |
0 |
0 |
|a 340/.1
|2 20
|
| 100 |
1 |
|
|a Posner, Richard A.
|9 52321
|
| 245 |
1 |
0 |
|a Overcoming law /
|c Richard A. Posner.
|
| 260 |
|
|
|a Cambridge, Mass. :
|b Harvard University Press,
|c 1995.
|
| 300 |
|
|
|a x, 597 pages ;
|c 25 cm.
|
| 504 |
|
|
|a Includes bibliographical references and index.
|
| 541 |
|
|
|a Donated by Akbar Ali Khan
|e 40347
|
| 650 |
|
0 |
|a Jurisprudence.
|
| 650 |
|
0 |
|a Law
|x Methodology.
|9 53279
|
| 942 |
|
|
|2 ddc
|c BK
|
| 999 |
|
|
|c 45417
|d 45417
|
| 952 |
|
|
|0 0
|1 0
|2 ddc
|4 0
|6 340_100000000000000_POS
|7 1
|9 72825
|a BRACUL
|b BRACUL
|c AAKC
|d 2023-01-08
|e Donated by Akbar Ali Khan
|g 1968.80
|l 0
|o 340.1 POS
|p 3010040347
|r 2023-01-08
|t 1
|v 1968.80
|w 0000-00-00
|y BK
|